[Event "Samobor"]
[Site "Samobor"]
[Date "1998.??.??"]
[Round "6"]
[White "Sitnik, Igor"]
[Black "Kober, Mladen"]
[Result "1/2-1/2"]
[WhiteElo "2255"]
[BlackElo "2315"]

1.d4 Nf6 2.c4 c5 3.d5 e6 4.Nc3 exd5 5.cxd5 d6 6.Nf3 g6 7.Nd2 Bg7 8.e4 O-O
9.Be2 Re8 10.O-O Na6 11.f3 Nc7 12.a4 b6 13.Nc4 Ba6 14.Bg5 h6 15.Be3 Bxc4
16.Bxc4 a6 17.Qd2 Kh7 18.Rab1 Nd7 19.Rfe1 Rb8 20.Bf2 b5 21.axb5 axb5 22.Bf1 Qf6
23.f4 b4 24.Na4 h5 25.g3 Nb5 26.e5 dxe5 27.Nxc5 Nxc5 28.Bxc5 Nd4 29.Bxd4 exd4
30.Rxe8 Rxe8 31.Qxb4 Qf5 32.Re1 Bf8 33.Qd2 Rxe1 34.Qxe1 Qxd5 35.Bd3  1/2-1/2

[Event "Sao Paulo State-ch1"]
[Site "Santa Barbara d'Oeste"]
[Date "1998.??.??"]
[Round "?"]
[White "Disconzi da Silva, Rodrigo"]
[Black "Nagashima, Carlos"]
[Result "1-0"]
[WhiteElo "2350"]
[BlackElo "2050"]

1.d4 Nf6 2.c4 c5 3.d5 e6 4.Nc3 exd5 5.cxd5 d6 6.Nf3 g6 7.Bf4 Bg7 8.Qa4+ Bd7
9.Qb3 Qc7 10.e4 Nh5 11.Bg5 a6 12.a4 O-O 13.Be2 Re8 14.Nd2 h6 15.Be3 Nf6 16.h3 Bc8
17.O-O Nbd7 18.Rfc1 b6 19.Qd1 Bb7 20.Rab1 Re7 21.Qf1 Ne5 22.f4 Ned7 23.Bf2 Nf8
24.Bf3 Bc8 25.b4 Rb8 26.Nc4 Ne8 27.e5 b5 28.axb5 axb5 29.Nxd6 cxb4 30.Ncxb5 Qd8
31.Nxc8 Rxc8 32.Rxc8 Qxc8 33.Rxb4 g5 34.d6 Rd7 35.Na7 Qc3 36.Rb8 gxf4 37.Rxe8 Bxe5
38.Nb5  1-0

[Event "RUS-chJ Girls"]
[Site "Sochi"]
[Date "1998.??.??"]
[Round "?"]
[White "Zhurina, Elizaveta"]
[Black "Vrublevskaya, Olga"]
[Result "1-0"]
[WhiteElo "2215"]
[BlackElo "2225"]

1.d4 Nf6 2.Nf3 e6 3.c4 c5 4.d5 exd5 5.cxd5 d6 6.Nc3 g6 7.e4 Bg7 8.Bd3 Bg4
9.h3 Bxf3 10.Qxf3 Nbd7 11.Qd1 O-O 12.O-O a6 13.a4 Qc7 14.Bf4 c4 15.Bc2 Rab8
16.a5 b5 17.axb6 Rxb6 18.Na4 Rb7 19.Ra2 Rfb8 20.Bd2 Nh5 21.Bc3 Be5 22.Qd2 Nf4
23.Bxe5 dxe5 24.g3 Nh5 25.Qc3 Ng7 26.h4 Ne8 27.h5 Nd6 28.Kg2 f6 29.Rh1 Kg7
30.Qe3 Nf7 31.Raa1 Rf8 32.Rh2 Rbb8 33.b3 cxb3 34.Bxb3 Rbc8 35.hxg6 hxg6 36.d6 Qb8
37.Bxf7 Kxf7 38.Rh7+ Ke8 39.Qh6 Rg8 40.Re7+ Kd8 41.Qh7  1-0

[Event "St Helier op"]
[Site "St Helier"]
[Date "1998.??.??"]
[Round "4"]
[White "Plaskett, Jim"]
[Black "Ward, Christopher"]
[Result "1/2-1/2"]
[WhiteElo "2445"]
[BlackElo "2480"]

1.d4 Nf6 2.c4 e6 3.Nf3 c5 4.d5 d6 5.Nc3 exd5 6.cxd5 g6 7.Bg5 h6 8.Bh4 g5
9.Bg3 Nh5 10.e3 Nxg3 11.hxg3 Bg7 12.Bb5+ Nd7 13.Qc2 a6 14.Bd3 b5 15.a4 c4
16.Bf5 b4 17.Bxd7+ Bxd7 18.Ne4 Qe7 19.Qxc4 f5 20.Ned2 Bxb2 21.Rb1 Bc3 22.Nd4 Rc8
23.Nc6 Bxc6 24.dxc6 Qe4 25.Qxe4+ fxe4 26.Ke2 d5 27.Rhc1 Ke7 28.Rb3 a5 29.Nb1 Rxc6
30.Nxc3 bxc3 31.Rbxc3  1/2-1/2

[Event "Petrov mem"]
[Site "St Petersburg"]
[Date "1998.??.??"]
[Round "3"]
[White "Virovlansky, Semen"]
[Black "Ionov, Sergey"]
[Result "1/2-1/2"]
[WhiteElo "2345"]
[BlackElo "2530"]

1.d4 Nf6 2.c4 e6 3.Nf3 c5 4.d5 exd5 5.cxd5 d6 6.Nc3 g6 7.e4 a6 8.a4 Bg4 9.Be2 Bxf3
10.Bxf3 Bg7 11.O-O O-O 12.Qb3 Qe7 13.Bf4 Nbd7 14.Qxb7 Rfb8 15.Qc6 Ne5 16.Bxe5 Qxe5
17.a5 h5 18.g3 Qe7 19.e5 Qxe5 20.Be2 Ra7 21.Bxa6 Rxb2 22.Nb5 Re7 23.Qxd6 Nxd5
24.Qxc5 Nb4 25.Qxe5 Rxe5 26.Bb7 Rxb5 27.a6 Nxa6 28.Bxa6 R5b4 29.Bd3 Bd4 30.Rad1 Kg7
31.Kg2 Ra4 32.Rb1 Rd2 33.Rbd1 Raa2 34.Be2 Bc5 35.Rxd2 Rxd2 36.Rc1  1/2-1/2

[Event "Tampere We HervS"]
[Site "Tampere"]
[Date "1998.??.??"]
[Round "4"]
[White "Tuominen, Risto"]
[Black "Heinimaki, Leo"]
[Result "1-0"]
[WhiteElo "2190"]
[BlackElo "2080"]

1.d4 Nf6 2.c4 e6 3.Nf3 c5 4.d5 exd5 5.cxd5 d6 6.Nc3 g6 7.e4 a6 8.a4 Bg4 9.Be2 Bxf3
10.Bxf3 Nbd7 11.O-O Bg7 12.Bd2 O-O 13.h3 Re8 14.Qc2 Qc7 15.b3 Re7 16.Rae1 Rae8
17.g4 Ne5 18.Be2 c4 19.b4 Ned7 20.Bd1 Ne5 21.g5 Nh5 22.Be2 Nd3 23.Bxd3 cxd3
24.Qxd3 Bxc3 25.Bxc3 Nf4 26.Qd4 Re5 27.Kh2 Qd7 28.Re3 Qe7 29.Rg1 h6 30.h4 hxg5
31.hxg5 Kg7 32.Rg4 Rh8+ 33.Kg3 Nh5+ 34.Kg2 Qd7 35.Qd1 f6 36.gxf6+ Nxf6 37.Bxe5 dxe5
38.Rg5 Nh5 39.Rxe5 Nf4+ 40.Kg1 Nh3+ 41.Kf1 Nf4 42.Rg5 Rh4 43.Rg1 Qc7 44.Qa1+ Kh6
45.Qh8+  1-0

[Event "Techirghiol op-A"]
[Site "Techirghiol"]
[Date "1998.??.??"]
[Round "?"]
[White "Tudor, Ioan"]
[Black "Bondoc, Dan Vladimir"]
[Result "0-1"]
[WhiteElo "1900"]
[BlackElo "2270"]

1.d4 Nf6 2.Nf3 c5 3.d5 e6 4.c4 exd5 5.cxd5 d6 6.Nc3 g6 7.e4 Bg7 8.Qa4+ Bd7
9.Qb3 Qc7 10.Bf4 O-O 11.Bd3 a6 12.a4 Nh5 13.Bg5 Bc8 14.O-O Nd7 15.Nd2 h6
16.Bh4 g5 17.Be2 Nf4 18.Bg3 Ne5 19.Bxf4 gxf4 20.Nc4 Nxc4 21.Qxc4 Be5 22.Bf3 Qe7
23.Qe2 Qg5 24.Kh1 Kh8 25.h3 Rg8 26.Rg1 Qh4 27.Kh2 Bd7 28.Ra3 Rg7 29.Qf1 Rag8
30.Ne2 b5 31.axb5 axb5 32.Ra7 Bc8 33.Rh1 h5 34.Ng1 Qg3+  0-1

[Event "Trinec op9798"]
[Site "Trinec"]
[Date "1998.??.??"]
[Round "?"]
[White "Hanko, Pavel"]
[Black "Sott, Pavel"]
[Result "1-0"]
[WhiteElo "2175"]
[BlackElo "2175"]

1.d4 Nf6 2.Nf3 e6 3.c4 c5 4.d5 exd5 5.cxd5 d6 6.Nc3 g6 7.e4 Bg7 8.Be2 O-O
9.Bg5 Qe7 10.Nd2 a6 11.a4 Nbd7 12.O-O Re8 13.Nc4 Rb8 14.f4 h6 15.Bh4 g5 16.fxg5 Nxe4
17.Bh5 Rf8 18.Rxf7 Rxf7 19.Bxf7+ Kh8 20.gxh6 Bf6 21.Bxf6+ Ndxf6 22.Nxe4 Qxe4
23.Qf3 Qd4+ 24.Qf2 Qxf2+ 25.Kxf2 Ng4+ 26.Kg3 Nxh6 27.Nxd6 Nxf7 28.Nxf7+ Kg7
29.Ne5 Kf6 30.Re1 b5 31.a5 Bf5 32.Kf4 Rd8 33.g4 Bc2 34.g5+ Kg7 35.Rc1 Rf8+
36.Kg3 Rf5 37.Ng4 Bb3 38.Rxc5 Rxg5 39.Rc7+ Kf8 40.d6 Be6 41.h3 b4 42.Rb7 Rxa5
43.Rxb4 Rd5 44.Rb8+ Kg7 45.Rb6 a5 46.Kf4 Rh5 47.Ne5 Rxh3 48.d7 Bxd7 49.Rb7 Kf6
50.Rxd7 Rb3 51.Nc4 Rb4 52.Rc7 Ke6 53.Ke4 Rb5 54.Rc6+ Kd7 55.Ra6 Rb4 56.Kd5 Rb5+
57.Kd4  1-0

[Event "Vienna op 13th"]
[Site "Vienna"]
[Date "1998.??.??"]
[Round "?"]
[White "Farago, Ivan"]
[Black "Tindall, Brett"]
[Result "1-0"]
[WhiteElo "2475"]
[BlackElo "2275"]

1.d4 Nf6 2.c4 e6 3.Nf3 c5 4.d5 d6 5.Nc3 exd5 6.cxd5 g6 7.Nd2 Bg7 8.e4 O-O
9.Be2 b6 10.O-O Ba6 11.Bxa6 Nxa6 12.Nc4 Re8 13.Re1 Rb8 14.Bf4 Bf8 15.e5 Nh5
16.Bg3 Nxg3 17.hxg3 b5 18.Nxd6 Bxd6 19.exd6 Rxe1+ 20.Qxe1 Qxd6 21.Rd1 Nc7
22.Ne4 Qe5 23.f4 Qxb2 24.Rd2 Qg7 25.Nxc5 Re8 26.Qc1 Qf6 27.d6 Ne6 28.Nd7 Qf5
29.Rd5 Nd4 30.Rxf5 Ne2+ 31.Kh2 Nxc1 32.Nf6+ Kf8 33.d7 Rd8 34.Re5 Kg7 35.Re8 Kxf6
36.Rxd8 Ke7 37.Rc8  1-0

[Event "POL-chT2"]
[Site "Wisla"]
[Date "1998.??.??"]
[Round "?"]
[White "Janota, Henryk"]
[Black "Szkatula, Leszek"]
[Result "1/2-1/2"]
[WhiteElo "2255"]
[BlackElo "2295"]

1.d4 Nf6 2.c4 c5 3.d5 e6 4.Nc3 exd5 5.cxd5 d6 6.Nf3 g6 7.Bf4 a6 8.a4 Bg7
9.e4 Bg4 10.Be2 O-O 11.Nd2 Bxe2 12.Qxe2 Nh5 13.Be3 Nd7  1/2-1/2

[Event "Staufer-Open 11th"]
[Site "Schwaebisch Gmuend"]
[Date "1999.01.02"]
[Round "2"]
[White "Kais, Edgar"]
[Black "Arbakov, Valentin"]
[Result "0-1"]
[WhiteElo "2082"]
[BlackElo "2475"]

1.d4 Nf6 2.c4 e6 3.Nf3 c5 4.d5 exd5 5.cxd5 d6 6.Nc3 g6 7.g3 Bg7 8.Bg2 O-O
9.O-O Re8 10.Nd2 Nbd7 11.Nc4 Ne5 12.Nxe5 Rxe5 13.Bf4 Re8 14.e4 Ng4 15.h3 Ne5
16.Re1 a6 17.a4 Rb8 18.Bxe5 Bxe5 19.f4 Bd4+ 20.Kh2 b5 21.axb5 axb5 22.Qd2 Qb6
23.Ne2 Bg7 24.Ng1 c4 25.Nf3 Bb7 26.Qb4 Qc5 27.Qxc5 dxc5 28.Rab1 Rbd8 29.Ne5 Bxe5
30.fxe5 Rxe5 31.g4 Ra8 32.b4 cxb3 33.Rxb3 b4 34.Rc1 Ra5 35.Kg3 f6 36.Kf4 g5+
37.Kg3 Kf7 38.Rf3 Rxe4 39.Rxf6+ Kxf6 40.Bxe4 Ke5 41.Bxh7 Bxd5 42.Re1+ Kd6
43.h4 Ra3+ 44.Kh2 gxh4 45.g5 Rg3 46.g6 c4 47.Rd1 Kc5 48.Rf1 c3  0-1

[Event "Hamburg IM"]
[Site "Hamburg"]
[Date "1999.01.14"]
[Round "4"]
[White "Lamprecht, Frank"]
[Black "Pajeken, Wolfgang"]
[Result "1/2-1/2"]
[WhiteElo "2395"]
[BlackElo "2285"]

1.d4 Nf6 2.c4 e6 3.Nf3 c5 4.d5 exd5 5.cxd5 d6 6.Nc3 g6 7.h3 a6 8.a4 Qe7 9.Bf4 Bg7
10.Nd2 O-O 11.Nc4 Rd8 12.e3 Ne8 13.Nb6 Ra7 14.a5 Nd7 15.Nc4 Ne5 16.Bxe5 Bxe5
17.Nb6 Bd7 18.Be2 Nc7 19.O-O Bb5 20.Qd2 Qe8 21.Ra3 Na8 22.Rfa1 Bxc3  1/2-1/2

[Event "Tapolca op"]
[Site "Budapest"]
[Date "1999.01.16"]
[Round "9"]
[White "Nguyen Anh Dung"]
[Black "Parkanyi, Attila"]
[Result "1-0"]
[WhiteElo "2495"]
[BlackElo "2395"]

1.d4 Nf6 2.c4 e6 3.Nf3 c5 4.d5 exd5 5.cxd5 d6 6.Nc3 g6 7.e4 Bg7 8.Bf4 O-O
9.Nd2 Nh5 10.Be3 a6 11.Be2 Nf6 12.a4 Re8 13.O-O Nbd7 14.h3 Rb8 15.Qc2 h6
16.Rab1 Nb6 17.b4 cxb4 18.Rxb4 Nbd7 19.Nc4 Nc5 20.f3 Nh5 21.Rf2 Ng3 22.Rb6 Be5
23.a5 Nd7 24.Rb1 Qh4 25.Bd3 g5 26.Ne2 Nxe2+ 27.Bxe2 Bg3 28.Qc3 g4 29.fxg4 Rxe4
30.Rf3 Ne5 31.Nxe5 Bxe5 32.Qc7  1-0

[Event "Hamburg IM"]
[Site "Hamburg"]
[Date "1999.01.19"]
[Round "10"]
[White "Lamprecht, Frank"]
[Black "Velicka, Petr"]
[Result "1/2-1/2"]
[WhiteElo "2395"]
[BlackElo "2465"]

1.d4 Nf6 2.c4 e6 3.Nf3 c5 4.d5 exd5 5.cxd5 d6 6.Nc3 g6 7.h3 Bg7 8.e4 O-O
9.Bd3 b5 10.Nxb5 Re8 11.O-O Nxe4 12.Qa4 Bd7 13.Bxe4 Bxb5 14.Qxb5 Rxe4 15.Bd2 Qb6
16.Qd3 Re8 17.Rae1 Na6 18.Bc3 Nb4 19.Qc4 Qa6 20.Qxa6  1/2-1/2

[Event "AUT-chT2M 9899"]
[Site "Austria"]
[Date "1999.01.23"]
[Round "6"]
[White "Kramer, Gerhard"]
[Black "Steinmueller, Guenther"]
[Result "1/2-1/2"]
[WhiteElo "2155"]
[BlackElo "1968"]

1.d4 Nf6 2.c4 e6 3.Nc3 c5 4.d5 exd5 5.cxd5 d6 6.Nf3 g6 7.Bf4 Bg7 8.e4 O-O
9.Be2 Bg4 10.O-O a6 11.a4 Bxf3 12.Bxf3 Ne8 13.Qd2 Nd7 14.a5 b5 15.axb6 Qxb6
16.Qc2 Ne5 17.Be2 Nc7 18.Be3 Qb7 19.Ra5 Rfb8 20.Bc1 Qb4 21.Ra4 Qb6 22.f4 Nd7
23.e5 dxe5 24.f5 c4+ 25.Kh1 Nb5 26.fxg6 hxg6 27.Rxc4 Nd4 28.Qd3 Nxe2 29.Qxe2 Rc8
30.h3 Rxc4 31.Qxc4 Qc5 32.Qa2 Nb6 33.Rd1 Qf2 34.Qb3 Re8 35.Ne4 Qe2 36.Nc3 Qf2
37.d6 e4 38.Nd5 Nxd5 39.Qxd5 e3 40.d7 Rd8 41.Rg1 Qg3 42.Qf3 Qxf3 43.gxf3 Rxd7
44.Bxe3 Bxb2 45.Rb1 Rd3 46.Rxb2 Rxe3 47.Kg2 a5 48.Rb8+ Kg7 49.Ra8 Ra3 50.h4 Kf6
51.Ra7 Ke6 52.Kg3 Ra4 53.Ra8 Kf5 54.Rc8 Ra1 55.Rc5+ Kf6 56.Kf4 a4 57.Ra5 a3
58.Ra6+ Kg7 59.Kg3 a2 60.Kg2 Kh6 61.Ra8 Kg7 62.Ra6  1/2-1/2

[Event "Nova Gorica op"]
[Site "Nova Gorica"]
[Date "1999.01.28"]
[Round "1"]
[White "Timoshchenko, Gennadi A"]
[Black "Skoberne, Renato"]
[Result "1/2-1/2"]
[WhiteElo "2500"]
[BlackElo "2045"]

1.d4 Nf6 2.c4 c5 3.d5 e6 4.Nc3 exd5 5.cxd5 d6 6.Nf3 g6 7.Nd2 Bg7 8.e4 O-O
9.Be2 Re8 10.O-O b6 11.Re1 a6 12.a4 Nbd7 13.h3 Rb8 14.Rb1 Qc7 15.b3 Nh5 16.Bb2 Nf4
17.Bf1 Ne5 18.Nc4 g5 19.Ne3 Qe7 20.Nf5 Qf6 21.g3 Nfg6 22.Re3 Bxf5 23.exf5 Qxf5
24.Ne4 Nf3+ 25.Rxf3 Qxe4 26.Bxg7 Kxg7 27.Bxa6 Ne5 28.Re3 Qf5 29.Bf1 Qg6 30.Be2 Rf8
31.Kh2 Qh6 32.Qf1 f5 33.f4 gxf4 34.Qxf4 Qxf4 35.gxf4 Ng6 36.Bb5 Nxf4 37.Rg1+ Ng6
38.Re6 Rf6 39.Re7+ Rf7 40.Re6 Rf6 41.Re7+ Rf7 42.Re6 Rf6  1/2-1/2

[Event "Yangon schev"]
[Site "Yangon"]
[Date "1999.02.02"]
[Round "3"]
[White "Win Zaw Tun"]
[Black "Nyee Nyee Zaw"]
[Result "1-0"]
[WhiteElo "2503"]
[BlackElo "2487"]

1.d4 Nf6 2.c4 e6 3.Nf3 c5 4.d5 exd5 5.cxd5 d6 6.Nc3 g6 7.e4 Bg7 8.Bg5 O-O
9.Nd2 a6 10.a4 Re8 11.Be2 Nbd7 12.O-O Qc7 13.f4 Rb8 14.Kh1 h6 15.Bh4 Nh7
16.e5 dxe5 17.Nc4 b5 18.axb5 axb5 19.d6 Qc6 20.Na5 Qa6 21.Nd5 Bb7 22.Ne7+ Kh8
23.Nac6 Qb6 24.Nxb8 Rxb8 25.Bg4 Nhf8 26.Bxd7 Nxd7 27.f5 g5 28.Bxg5 f6 29.Bxh6  1-0

[Event "Budapest FS02 GM"]
[Site "Budapest"]
[Date "1999.02.06"]
[Round "1"]
[White "Hoang Th Trang"]
[Black "Horvath, Csaba"]
[Result "1/2-1/2"]
[WhiteElo "2450"]
[BlackElo "2524"]

1.d4 Nf6 2.c4 e6 3.Nf3 c5 4.d5 exd5 5.cxd5 d6 6.Nc3 g6 7.h3 Bg7 8.e4 O-O
9.Bd3 b5 10.Bxb5 Nxe4 11.Nxe4 Qa5+ 12.Nfd2 Qxb5 13.Nxd6 Qa6 14.N2c4 Nd7 15.O-O Nb6
16.Nxb6 axb6 17.Qb3  1/2-1/2

[Event "Goodricke 10th op"]
[Site "Calcutta"]
[Date "1999.02.10"]
[Round "5"]
[White "Deshmukh, Anup"]
[Black "Marin, Mihail"]
[Result "0-1"]
[WhiteElo "2430"]
[BlackElo "2525"]

1.d4 Nf6 2.c4 e6 3.Nf3 c5 4.d5 d6 5.Nc3 exd5 6.cxd5 g6 7.Bf4 a6 8.a4 Bg7
9.h3 O-O 10.e3 Qe7 11.Nd2 Nbd7 12.Be2 Rb8 13.O-O Ne8 14.Bh2 f5 15.Qb3 Nc7
16.Nc4 Ne5 17.Qb6 Rd8 18.Rfd1 Na8 19.Qa7 Bd7 20.Na5 Bf6 21.Nxb7 Bxa4 22.Nxa4 Qxb7
23.Qxb7 Rxb7 24.Bxa6 Rb4 25.Ra2 Nc7 26.Bxe5 Bxe5 27.Bf1 Ra8 28.Rda1 Nxd5
29.Nc3 Rxa2 30.Nxa2 Rxb2 31.Bc4 Rd2 32.Rb1 Kg7 33.f4 Nxe3 34.Rb7+ Kh6 35.fxe5 Nxc4  0-1

[Event "St Helier Tohmatsu op"]
[Site "St Helier"]
[Date "1999.02.18"]
[Round "5"]
[White "Rayner, Francis"]
[Black "Goris, Antonius"]
[Result "1-0"]
[WhiteElo "2213"]
[BlackElo "2052"]

1.c4 e6 2.Nf3 Nf6 3.d4 c5 4.d5 exd5 5.cxd5 d6 6.Nc3 g6 7.g3 Bg7 8.Bg2 O-O
9.O-O a6 10.a4 Nbd7 11.Nd2 Rb8 12.Nc4 Nb6 13.Na3 Nxa4 14.Nxa4 b5 15.Nc3 b4
16.Nc4 bxc3 17.bxc3 Re8 18.f3 Nh5 19.g4 Nf6 20.Bf4 Bf8 21.e4 h5 22.h3 Nh7
23.Qd2 g5 24.Bg3 h4 25.Bh2 Be7 26.f4 f6 27.e5 gxf4 28.exd6 Bf8 29.Bxf4 Qd7
30.Qf2 Rb3 31.Qc2 Qb5 32.Qg6+ Bg7 33.Bh6 Qd7 34.Bxg7  1-0

[Event "BL2-W9899"]
[Site "Germany"]
[Date "1999.03.07"]
[Round "7.7"]
[White "Abel, Thomas"]
[Black "Van der Veen, Heinz"]
[Result "1-0"]
[WhiteElo "2400"]
[BlackElo "2255"]

1.d4 Nf6 2.c4 c5 3.d5 e6 4.Nc3 exd5 5.cxd5 d6 6.Nf3 g6 7.Bf4 Bg7 8.Qa4+ Bd7
9.Qb3 Qc7 10.e4 O-O 11.Nd2 Nh5 12.Be3 f5 13.exf5 Bxf5 14.Be2 Nf6 15.Nc4 a6
16.Nb6 Ra7 17.a4 Nfd7 18.a5 Ne5 19.O-O Bd3 20.Bxd3 Nxd3 21.Ne4 Ne5 22.Ng5 Re8
23.Ne6 Qf7 24.h3 Qf5 25.Qa4 Qf7 26.Rad1 Ned7 27.b4 Bf8 28.Rc1 Rxe6 29.dxe6 Qxe6
30.Rfe1 Qf7 31.bxc5 Nxc5 32.Bxc5 dxc5 33.Qe8 Nc6 34.Nc8 Qxe8 35.Rxe8 Kf7
36.Rxf8+ Kxf8 37.Nxa7 Nxa7 38.Rxc5 Nc6 39.f4 Ke7 40.Kf2 h6 41.f5 g5 42.Rxc6 bxc6
43.Ke3 h5 44.g4 hxg4 45.hxg4  1-0

[Event "Swidnica"]
[Site "Swidnica"]
[Date "1999.03.25"]
[Round "2"]
[White "Murdzia, Piotr"]
[Black "Yakovich, Yuri"]
[Result "1/2-1/2"]
[WhiteElo "2441"]
[BlackElo "2565"]

1.d4 Nf6 2.c4 e6 3.Nf3 c5 4.d5 d6 5.Nc3 exd5 6.cxd5 g6 7.e4 a6 8.a4 Bg4 9.Qb3 Bxf3
10.Qxb7 Bxg2 11.Bxg2 Nbd7 12.O-O Be7 13.f4 O-O 14.e5 dxe5 15.d6 Bxd6 16.Qxa8 Qxa8
17.Bxa8 Rxa8 18.fxe5 Bxe5 19.Bf4 Bd4+ 20.Kh1 Ra7 21.Rae1 Kg7 22.Re2 Rb7 23.h3 h6
24.Rc2 g5 25.Bh2 Rb3 26.Re1 Kg6 27.a5 h5 28.Kg2 h4 29.Re7 Rb4 30.Rd2 Rb3
31.Rc2 c4 32.Rd2 Bxc3 33.bxc3 Nc5 34.Be5 Nfe4 35.Rc2 f5 36.Bd4 Ra3 37.Rb2  1/2-1/2

[Event "Neckar op 3rd"]
[Site "Deizisau"]
[Date "1999.04.03"]
[Round "4"]
[White "Ivanov, Mir"]
[Black "Duppel, Matthias"]
[Result "1-0"]
[WhiteElo "2090"]
[BlackElo "2314"]

1.d4 Nf6 2.Nf3 c5 3.d5 e6 4.c4 exd5 5.cxd5 d6 6.Nc3 g6 7.e4 Bg7 8.Bd3 O-O
9.O-O a6 10.a4 Bg4 11.h3 Bxf3 12.Qxf3 Nbd7 13.Qd1 Re8 14.Bf4 Ne5 15.Be2 h6
16.Qc2 Qe7 17.Rae1 g5 18.Bd2 Nfd7 19.Nd1 Ng6 20.Ne3 Qxe4 21.Bd3 Qe7 22.Bxg6 fxg6
23.Qxg6 Qf6 24.Qh5 Qf7 25.Qd1 Re4 26.Qb3 Nf8 27.Qb6 Qd7 28.b3 Rd4 29.Bc3 Bf6
30.Bxd4 Bd8 31.Ng4 Nh7 32.Re8+ Qxe8 33.Nxh6+ Kf8 34.Qxd6+ Be7 35.Qe6  1-0

[Event "St Quentin op"]
[Site "St Quentin"]
[Date "1999.04.24"]
[Round "8"]
[White "Lukov, Valentin"]
[Black "Kovacevic, Slobodan"]
[Result "1-0"]
[WhiteElo "2439"]
[BlackElo "2437"]

1.d4 Nf6 2.Nf3 e6 3.c4 c5 4.d5 d6 5.Nc3 exd5 6.cxd5 g6 7.e4 Bg7 8.h3 a6 9.a4 O-O
10.Bd3 Nbd7 11.O-O Nh5 12.Be3 Re8 13.Re1 Rb8 14.Qd2 Qc7 15.Bh6 Ne5 16.Be2 Nxf3+
17.Bxf3 Re5 18.Bxg7 Nxg7 19.Be2 g5 20.f4 gxf4 21.Rf1 Qe7 22.Rxf4 Bd7 23.Raf1 Rf8
24.a5 f6 25.Bg4 Be8 26.Qf2 Bg6 27.Rxf6 Rxf6 28.Qxf6 Qxf6 29.Rxf6 Ne8 30.Re6 Kf8
31.Kf2 Bf7 32.Rxe5 dxe5 33.b3 Nd6 34.Ke3 Be8 35.Be2 Ke7 36.g4 h6 37.h4 Kf6
38.Nd1 Bb5 39.Bxb5 axb5 40.Nf2  1-0

[Event "Dubai op"]
[Site "Dubai"]
[Date "1999.05.01"]
[Round "1"]
[White "Mirzoev, Azer"]
[Black "Fahed, Ahmad"]
[Result "1-0"]
[WhiteElo "2443"]
[BlackElo "2016"]

1.d4 Nf6 2.Nf3 c5 3.d5 e6 4.c4 exd5 5.cxd5 d6 6.Nc3 g6 7.e4 Bg7 8.Nd2 O-O
9.Be2 a6 10.a4 Re8 11.O-O Qc7 12.f4 Nbd7 13.Kh1 Rb8 14.Qc2 Nf8 15.h3 N6d7
16.Nc4 Nb6 17.Ne3 f5 18.a5 Na8 19.exf5 gxf5 20.Bd3 Qf7 21.Nxf5 Bxf5 22.Bxf5 Bxc3
23.bxc3 Qxd5 24.c4 Qf7 25.Ra3  1-0

[Event "Dubai op"]
[Site "Dubai"]
[Date "1999.05.04"]
[Round "4"]
[White "Labib, Ibrahim Hasan"]
[Black "Guseinov, Aidyn"]
[Result "0-1"]
[WhiteElo "2405"]
[BlackElo "2513"]

1.d4 Nf6 2.c4 e6 3.Nf3 c5 4.d5 exd5 5.cxd5 d6 6.Nc3 g6 7.h3 Bg7 8.e4 O-O
9.Bb5 Na6 10.O-O Nc7 11.a4 b6 12.Bf4 Bb7 13.Bc4 Nce8 14.e5 dxe5 15.Nxe5 Nd6
16.Ba2 Rc8 17.Qd3 Nf5 18.Rad1 Nd4 19.d6 Nh5 20.Nxf7 Rxf7 21.Qc4 Qf6 22.Bg5 Nf3+
23.gxf3 Qxg5+ 24.Qg4 Bf6 25.Ne4 Qxg4+ 26.hxg4 Bxe4 27.fxe4 Nf4 28.e5 Bxe5
29.Rfe1 Bf6 30.Re4 g5 31.d7 Rd8 32.a5 Kf8 33.Bxf7 Kxf7 34.axb6 axb6 35.Rd6 b5
36.b3 Be7 37.Rd1 h6 38.Kf1 Bf8 39.Rd2 Bg7 40.Rd6 Bf6 41.Rd1 b4 42.Rd6 Bg7
43.Kg1 Bf8 44.Rd1 Ne6 45.Rd5 Bg7 46.Rd6 Nf8 47.Rd5 Nxd7 48.Kg2 Nf6 49.Rxd8 Nxe4
50.Rd7+ Kg6 51.Kf3 Nc3 52.Ke3 c4 53.bxc4 b3  0-1

[Event "EST-ch"]
[Site "Tallinn"]
[Date "1999.05.05"]
[Round "5"]
[White "Veingold, Aleksandr"]
[Black "Schuls, Olev"]
[Result "1/2-1/2"]
[WhiteElo "2475"]
[BlackElo "2200"]

1.d4 Nf6 2.Nf3 e6 3.c4 c5 4.d5 exd5 5.cxd5 d6 6.Nc3 g6 7.e4 Bg7 8.Bb5+ Bd7
9.a4 O-O 10.O-O Bg4 11.h3 Bxf3 12.Qxf3 Nfd7 13.Qg3 Qc7 14.Bxd7 Qxd7 15.Bf4 Rd8
16.Nb5 Bf8 17.e5 dxe5 18.Bxe5 Na6 19.Rad1 Re8 20.Rfe1 Rad8 21.d6 Re6 22.f4 f6
23.Bc3 Rxe1+ 24.Rxe1 Bxd6 25.Bxf6 Rf8 26.Qb3+ Qf7 27.Qxf7+ Rxf7 28.Re8+ Rf8
29.Nxd6 Rxe8 30.Nxe8 Kf7 31.Nd6+ Kxf6 32.Nxb7 Kf5 33.g3 Ke4 34.Kf2 c4 35.Nd6+ Kd5
36.Nb5 Nc5 37.Nc3+ Kd4 38.Ke2 a6 39.Kd2 Nb3+ 40.Kc2 Nc5 41.g4 Nd3 42.f5 gxf5
43.gxf5 Ke5 44.Nd1 Nc5 45.a5 Nb7 46.Ne3 Nxa5 47.Kc3 h5 48.Kb4 Nb7 49.Kxc4 Nd6+
50.Kc5 Nxf5 51.Nxf5 Kxf5 52.Kb6 h4 53.Kxa6 Kf4 54.b4 Kg3 55.b5 Kxh3 56.b6 Kg2
57.b7 h3 58.b8=Q h2 59.Qg8+ Kh1 60.Qg3  1/2-1/2

[Event "Zalakaros Kupa 18th"]
[Site "Zalakaros"]
[Date "1999.05.19"]
[Round "8"]
[White "Kincs, Imre"]
[Black "Palkovi, Jozsef"]
[Result "0-1"]
[WhiteElo "2256"]
[BlackElo "2451"]

1.d4 Nf6 2.c4 e6 3.Nf3 c5 4.d5 exd5 5.cxd5 d6 6.Nc3 g6 7.e4 Bg7 8.Bd3 a6
9.a4 Bg4 10.h3 Bxf3 11.Qxf3 O-O 12.O-O Nbd7 13.Qe2 Re8 14.g4 Rc8 15.a5 Qe7
16.Ra4 h6 17.Be3 Nh7 18.Kg2 Rb8 19.Qd2 g5 20.Ne2 b5 21.axb6 Rxb6 22.Rb1 Reb8
23.b4 Ne5 24.Bxa6 Nxg4 25.b5 Nxe3+ 26.Qxe3 Nf8 27.Ng3 Ng6 28.Nf5 Qe5 29.Qg3 Nf4+
30.Kh2 Ne2 31.Qxe5 Bxe5+ 32.Kg2 Nc3 33.Rba1 Nxe4 34.Ne7+ Kg7 35.Nc6 Bxa1
36.Nxb8 Nc3 37.Rxa1 Rxb8 38.Rc1 Nxd5 39.Kf3 Nc7 40.h4 Nxb5 41.hxg5 hxg5  0-1

[Event "Guillermo Garcia mem-A"]
[Site "Santa Clara"]
[Date "1999.05.30"]
[Round "6"]
[White "Alvarez, Jose"]
[Black "Sadvakasov, Darmen"]
[Result "1/2-1/2"]
[WhiteElo "2368"]
[BlackElo "2487"]

1.d4 Nf6 2.c4 e6 3.Nf3 c5 4.d5 exd5 5.cxd5 d6 6.Nc3 g6 7.e4 Bg7 8.h3 O-O
9.Bd3 b5 10.Bxb5 Nxe4 11.Nxe4 Qa5+ 12.Nfd2 Qxb5 13.Nxd6 Qa6 14.N2c4 Rd8 15.Qe2 Nd7
16.O-O Ne5 17.Re1 Rxd6 18.Nxe5 Qxe2 19.Rxe2 Ba6 20.Re1 Rxd5 21.Bf4 Rc8 22.b3 f5
23.h4 Bb5 24.Rac1 Bf6  1/2-1/2

[Event "Pula op 13th"]
[Site "Pula"]
[Date "1999.06.01"]
[Round "4"]
[White "Muhvic, Damir"]
[Black "Loncar, Robert"]
[Result "0-1"]
[WhiteElo "2236"]
[BlackElo "2419"]

1.d4 Nf6 2.c4 c5 3.d5 e6 4.Nc3 exd5 5.cxd5 d6 6.Nf3 g6 7.Nd2 a6 8.a4 Nbd7
9.e4 Bg7 10.Be2 O-O 11.O-O Re8 12.Qc2 Rb8 13.Nc4 Nb6 14.Ne3 Bd7 15.a5 Na8
16.f3 Nc7 17.Nc4 Nb5 18.Nxb5 Bxb5 19.Bg5 Qe7 20.Rae1 Qc7 21.Bd2 Nh5 22.g4 Bd4+
23.Kg2 Nf6 24.Bc3 Bxc3 25.Qxc3 Bxc4 26.Bxc4 Nd7 27.f4 Re7 28.Rf3 Rbe8 29.Rfe3 g5
30.fxg5 Re5 31.h4 f6 32.gxf6 Nxf6 33.g5 Qg7 34.Bd3 h6 35.Rg3 hxg5 36.hxg5 Rxg5
37.Re3 Ree5 38.Bc2 Nh5 39.Rxg5 Rxg5+ 40.Kf2 Rg2+ 41.Ke1 Rg1+ 42.Kd2 Qg2+
43.Re2 Qf1 44.Ba4 Nf4 45.Rh2 Qe1+  0-1

[Event "Pula op 13th"]
[Site "Pula"]
[Date "1999.06.06"]
[Round "8"]
[White "Sitnik, Igor"]
[Black "Loncar, Robert"]
[Result "1/2-1/2"]
[WhiteElo "2312"]
[BlackElo "2419"]

1.d4 Nf6 2.c4 c5 3.d5 e6 4.Nc3 exd5 5.cxd5 d6 6.Nf3 g6 7.Nd2 Nbd7 8.e4 a6
9.a4 Bg7 10.Be2 O-O 11.O-O Rb8 12.a5 Ne8 13.Nc4 Ne5 14.Ne3 Nc7 15.f4 Nd7
16.Nc4 Ne8 17.Be3 Qe7 18.Bf3 f6 19.Re1 Nc7 20.Bg4 b5 21.axb6 Nxb6 22.Na5 Bxg4
23.Qxg4 Qd7 24.Qf3 Rbe8 25.Bf2 Rf7 26.g4 f5 27.gxf5 gxf5 28.e5 dxe5 29.fxe5 Bxe5
30.Rad1 Bd4 31.Rxe8+ Nxe8 32.Bxd4 cxd4 33.Rxd4 Qe7 34.Kf1 Nd6 35.Nc6 Qf6
36.Qf4 Rg7 37.Rd2 Qg5 38.Qxg5 Rxg5 39.Re2 Kg7 40.Nd4 Kf7 41.Nc6 Ne4 42.Nxe4 fxe4
43.Rxe4 Nxd5 44.Ra4 Nc7 45.Rf4+  1/2-1/2

[Event "Guillermo Garcia mem-A"]
[Site "Santa Clara"]
[Date "1999.06.06"]
[Round "12"]
[White "Rivera, Alberto"]
[Black "Gongora, Maikel"]
[Result "1/2-1/2"]
[WhiteElo "2392"]
[BlackElo "2427"]

1.d4 e6 2.c4 Nf6 3.Nf3 c5 4.d5 exd5 5.cxd5 d6 6.Nc3 g6 7.e4 Bg7 8.Be2 O-O
9.O-O Re8 10.Qc2 a6 11.a4 Bg4 12.Be3 Nbd7 13.h3 Bxf3 14.Bxf3 Rb8 15.Rab1 Qc7
16.Rfc1 Rbc8 17.b3  1/2-1/2

[Event "CCA ChessWise op"]
[Site "Stratton Mountain"]
[Date "1999.06.12"]
[Round "2"]
[White "Shapiro, Daniel E"]
[Black "Tamarkin, Larry S"]
[Result "1-0"]
[WhiteElo "2278"]
[BlackElo "2150"]

1.d4 Nf6 2.c4 c5 3.d5 e6 4.Nc3 exd5 5.cxd5 d6 6.Nf3 g6 7.Nd2 a6 8.a4 Bg7
9.Nc4 O-O 10.g3 Qc7 11.Bf4 Rd8 12.Qb3 Bf5 13.Bg2 Ra7 14.e4 Bg4 15.h3 Bc8
16.Nxd6 Rxd6 17.e5 Qb6 18.Qxb6 Rxb6 19.exf6 Bxf6 20.Bxb8 Ra8 21.Bc7 Rxb2
22.Ne4 Bd4 23.O-O f5 24.Ng5 Bd7 25.d6 Re8 26.Bd5+ Kg7 27.Nf3 Bf6 28.a5 Ree2
29.Rae1 Bb5 30.Rxe2 Bxe2 31.Rc1 g5 32.Bc4 Bxc4 33.Rxc4  1-0